000 00990nmm a2200277 a 4500
001 ocm000924512
003 TR-IsHL
005 20201028145315.0
008 150110s1993 tu tur
007 cr cn
020 _a9789757354086
035 _a924512
_b(N$T)
050 0 4 _aPQ2603.O628
_bA43 1993
090 0 4 _aPQ2603.O628
_bA43 1993
100 1 _aBosquet, Alain
245 1 0 _aAlain Bosquet: yaşamı, sanatı, şiirleri
_h[electronic resource] /
_cAlain Bosquet ; çev. Abdullah Rıza Ergüven
260 _aİstanbul :
_bBerfin Yayınları,
_c1993
300 _a65 p.
650 4 _aDil ve Edebiyat
650 4 _aLanguage and Literature
650 0 _aBosquet, Alain, 1919-
_xEleştiri ve yorum
650 0 _aBosquet, Alain, 1919-
_xCriticism and interpretation
650 7 _aLITERARY COLLECTIONS / European / French
_2bisacsh
700 1 _aErgüven, Abdullah Rıza
856 4 0 _uhttp://search.ebscohost.com/login.aspx?direct=true&scope=site&db=e011xww&AN=924512
999 _c9883
_d9883